[Event "SVK-ch U2400"]
[Site "Liptovsky Jan"]
[Date "2025.06.15"]
[Round "7"]
[White "Smetana, Peter"]
[Black "Mirek, Sebastian"]
[Result "0-1"]
[WhiteElo "2026"]
[BlackElo "1764"]
[PlyCount "69"]
[EventDate "2025.06.12"]
[EventType "swiss"]
[EventRounds "8"]
[EventCountry "SVK"]
[SourceTitle "CB25_2025"]
[SourceDate "2025.06.18"]
[SourceVersion "1"]
[SourceVersionDate "2025.06.18"]
[SourceQuality "1"]

1. e4 c6 2. Nf3 d5 3. Nc3 dxe4 4. Nxe4 Bg4 5. h3 Bxf3 6. Qxf3 e6 7. g3 Nd7 8. Bg2 Ngf6 9. 0-0 Be7 10. b4 Nxe4 11. Qxe4 0-0 12. Rb1 Rb8 13. Qe2 Nf6 14. c4 Qd7 15. d3 Rfd8 16. Rb3 Ne8 17. Be3 b6 18. b5 c5 19. Re1 g6 20. Bf4 Bd6 21. Bg5 Be7 22. Bc6 Qc7 23. Bf4 Bd6 24. Bg5 Be7 25. Bh6 Bf8 26. Bc1 a5 27. a4 Ng7 28. g4 Ne8 29. Qf3 Nd6 30. Bg5 Be7 31. Bf4 Bf8 32. Bg5 Be7 33. Bf4 Bf8 34. h4 h6 35. Bxd6 0-1

[Event "SVK-ch U2400"]
[Site "Liptovsky Jan"]
[Date "2025.06.14"]
[Round "5"]
[White "Vasylchuk, Diana"]
[Black "Mirek, Sebastian"]
[Result "1-0"]
[WhiteElo "1990"]
[BlackElo "1764"]
[PlyCount "39"]
[EventDate "2025.06.12"]
[EventType "swiss"]
[EventRounds "8"]
[EventCountry "SVK"]
[SourceTitle "CB25_2025"]
[SourceDate "2025.06.18"]
[SourceVersion "1"]
[SourceVersionDate "2025.06.18"]
[SourceQuality "1"]

1. f4 b6 2. Nf3 Bb7 3. Nc3 Nc6 4. e4 e6 5. d4 Bb4 6. Bd3 Nf6 7. 0-0 0-0 8. a3 Be7 9. Kh1 d5 10. e5 Nd7 11. f5 exf5 12. Nxd5 g6 13. Nxe7+ Qxe7 14. Bh6 Rfe8 15. Bc4 Nf8 16. Bg5 Qd7 17. Bf6 Ne7 18. Qd2 f4 19. Qxf4 Bd5 20. Bd3 1-0

[Event "SVK-ch U2400"]
[Site "Liptovsky Jan"]
[Date "2025.06.13"]
[Round "4"]
[White "Mirek, Sebastian"]
[Black "Babjak, Samuel"]
[Result "1/2-1/2"]
[WhiteElo "1764"]
[BlackElo "1968"]
[PlyCount "39"]
[EventDate "2025.06.12"]
[EventType "swiss"]
[EventRounds "8"]
[EventCountry "SVK"]
[SourceTitle "CB25_2025"]
[SourceDate "2025.06.18"]
[SourceVersion "1"]
[SourceVersionDate "2025.06.18"]
[SourceQuality "1"]

1. e4 e6 2. d4 d5 3. exd5 exd5 4. Nf3 Bd6 5. Bd3 Ne7 6. Bg5 f6 7. Bh4 Bf5 8. c3 Nbc6 9. Qc2 Qd7 10. Bg3 Bxd3 11. Qxd3 Qe6+ 12. Qe2 Qxe2+ 13. Kxe2 Nf5 14. Bxd6 Nxd6 15. Nbd2 Kf7 16. Rae1 a5 17. a4 Ra6 18. Kd3 Raa8 19. Re2 Rhe8 20. Rhe1 1/2-1/2

[Event "SVK-ch U2400"]
[Site "Liptovsky Jan"]
[Date "2025.06.12"]
[Round "1"]
[White "Doci, Stefan"]
[Black "Mirek, Sebastian"]
[Result "1-0"]
[WhiteElo "2098"]
[BlackElo "1764"]
[PlyCount "71"]
[EventDate "2025.06.12"]
[EventType "swiss"]
[EventRounds "8"]
[EventCountry "SVK"]
[SourceTitle "CB25_2025"]
[SourceDate "2025.06.18"]
[SourceVersion "1"]
[SourceVersionDate "2025.06.18"]
[SourceQuality "1"]

1. e4 c6 2. d4 d5 3. f3 dxe4 4. fxe4 e5 5. Nf3 Bg4 6. Bc4 Nd7 7. 0-0 Ngf6 8. c3 Bd6 9. Bg5 Qc7 10. h3 Bxf3 11. Qxf3 0-0 12. Nd2 h6 13. Be3 Kh8 14. Rae1 Rae8 15. Bb3 Nh7 16. Nc4 f6 17. Qh5 exd4 18. cxd4 Bb4 19. Re2 Ng5 20. Bf4 Qd8 21. h4 Nf7 22. Ne3 g5 23. Bxf7 Rxf7 24. Qxf7 gxf4 25. Nf5 Rg8 26. Nxh6 Rg7 27. Qh5 Qb6 28. Nf5+ Rh7 29. Qe8+ Bf8 30. Rxf4 c5 31. d5 c4+ 32. Kh2 Qc7 33. g3 Qe5 34. Qg6 Qb8 35. Rg4 Bc5 36. Nh6 1-0

[Event "Katowice rapid op"]
[Site "Katowice"]
[Date "2025.05.31"]
[Round "1"]
[White "Kokoszczynski, Jan"]
[Black "Mirek, Sebastian"]
[Result "1-0"]
[WhiteElo "2196"]
[BlackElo "1696"]
[PlyCount "71"]
[EventDate "2025.05.31"]
[EventType "swiss"]
[EventRounds "11"]
[EventCountry "POL"]
[SourceTitle "CB24_2025"]
[SourceDate "2025.06.11"]
[SourceVersion "1"]
[SourceVersionDate "2025.06.11"]
[SourceQuality "1"]

1. Nf3 d5 2. e3 Nf6 3. c4 c6 4. Nc3 g6 5. d4 Bg7 6. Be2 0-0 7. 0-0 Bg4 8. b3 e6 9. h3 Bxf3 10. Bxf3 Nbd7 11. Bb2 Rc8 12. Qe2 a6 13. Rad1 Qc7 14. Rfe1 Rfe8 15. e4 dxe4 16. Nxe4 Nxe4 17. Qxe4 Rcd8 18. Bc3 a5 19. g3 Rc8 20. Kg2 b5 21. Qc2 b4 22. Bb2 c5 23. d5 exd5 24. Bxd5 Nf6 25. Bf3 Rxe1 26. Rxe1 Re8 27. Rd1 Qe7 28. Qd3 Ne4 29. Bxg7 Kxg7 30. Re1 f5 31. Bxe4 fxe4 32. Qd5 Rd8 33. Rxe4 Qf6 34. Qxc5 Rd2 35. Re7+ Kg8 36. Qc8+ 1-0

[Event "Katowice rapid op"]
[Site "Katowice"]
[Date "2025.05.31"]
[Round "4"]
[White "Mirek, Sebastian"]
[Black "Splesnialy, Antoni"]
[Result "1-0"]
[WhiteElo "1696"]
[BlackElo "1482"]
[PlyCount "77"]
[EventDate "2025.05.31"]
[EventType "swiss"]
[EventRounds "11"]
[EventCountry "POL"]
[SourceTitle "CB24_2025"]
[SourceDate "2025.06.11"]
[SourceVersion "1"]
[SourceVersionDate "2025.06.11"]
[SourceQuality "1"]

1. e4 d5 2. exd5 Nf6 3. Nc3 Nxd5 4. Nxd5 Qxd5 5. Nf3 Bg4 6. Be2 Nc6 7. d3 e5 8. 0-0 Bd6 9. h3 Bf5 10. Nh4 Ne7 11. Bf3 Qb5 12. a4 Qb6 13. Be3 c5 14. Rb1 Rb8 15. b4 Qc7 16. bxc5 Bxc5 17. Bxc5 Qxc5 18. Nxf5 Nxf5 19. Bxb7 0-0 20. Be4 Nd4 21. c4 g6 22. Re1 Kg7 23. Bd5 f6 24. Qg4 Qd6 25. h4 h5 26. Qe4 Qa3 27. Ra1 Qb2 28. f4 Qc2 29. fxe5 Ne2+ 30. Qxe2 Qc3 31. exf6+ Qxf6 32. Qe7+ Qxe7 33. Rxe7+ Kh6 34. Rf1 Rfd8 35. Rff7 Rh8 36. Rxa7 Rb1+ 37. Kh2 Rd1 38. Be4 Re1 39. Rg7 1-0

[Event "SVK-ch U2300"]
[Site "Liptovsky Jan"]
[Date "2024.06.18"]
[Round "7"]
[White "Juhar, Vladimir"]
[Black "Mirek, Sebastian"]
[Result "0-1"]
[WhiteElo "1643"]
[BlackElo "1750"]
[PlyCount "82"]
[EventDate "2024.06.15"]
[EventType "swiss"]
[EventRounds "8"]
[EventCountry "SVK"]
[SourceTitle "CBM 220 Extra"]
[Source "ChessBase"]
[SourceDate "2024.07.31"]
[SourceVersion "1"]
[SourceVersionDate "2024.07.31"]
[SourceQuality "1"]

1. Nf3 Nf6 2. c4 e6 3. Nc3 b6 4. g3 Bb7 5. Bg2 h5 6. h3 d6 7. d3 Nbd7 8. Bg5 Be7 9. Qc2 Ne5 10. e4 Nfd7 11. Bxe7 Nxf3+ 12. Bxf3 Qxe7 13. Qe2 Ne5 14. d4 Nxf3+ 15. Qxf3 f5 16. h4 0-0-0 17. Qe3 fxe4 18. 0-0-0 d5 19. Rhe1 Qb4 20. Rd2 Rhf8 21. Qg5 Qxc4 22. Qxg7 Qc6 23. Rc2 Qd7 24. Qxd7+ Rxd7 25. Re3 Ba6 26. b4 Bd3 27. Rb2 Rdf7 28. Nd1 Rf3 29. a3 Kd7 30. b5 c6 31. bxc6+ Kxc6 32. Rd2 Kd6 33. Kb2 R3f7 34. Ka1 Rc7 35. Nb2 Ba6 36. Kb1 Rfc8 37. Re1 Rc3 38. a4 Rb3 39. Ka2 Rcc3 40. Nd1 Ra3+ 41. Kb2 Rcb3+ 0-1

[Event "SVK-ch Amateurs"]
[Site "Liptovsky Jan"]
[Date "2023.06.17"]
[Round "5"]
[White "Mirek, Sebastian"]
[Black "Mosny, Jaroslav"]
[Result "0-1"]
[WhiteElo "1493"]
[BlackElo "1775"]
[PlyCount "45"]
[EventDate "2023.06.15"]
[EventType "swiss"]
[EventRounds "8"]
[EventCountry "SVK"]
[SourceTitle "CBM 214 Extra"]
[Source "ChessBase"]
[SourceDate "2023.07.31"]
[SourceVersion "1"]
[SourceVersionDate "2023.07.31"]
[SourceQuality "1"]

1. e4 e5 2. d4 exd4 3. c3 d3 4. Bxd3 d6 5. Nf3 Nf6 6. Qb3 Be7 7. Bc4 0-0 8. e5 d5 9. Bd3 Ne4 10. Qc2 f5 11. exf6 Bxf6 12. 0-0 Bf5 13. Rd1 Qe8 14. Nfd2 Qg6 15. Qb3 Qf7 16. Qxb7 Nd7 17. Qb4 Be7 18. Qa5 Bc5 19. Nf3 Nxf2 20. Bxf5 Nxd1+ 21. Kf1 Qxf5 22. Ke2 Nf2 23. Nbd2 0-1